MAASAI MARA UNIVERSITY

LIBRARY CATALOGUE

Contact Us: +254 020 2685356/7 or 0774 057787

Box: 861-20500, NAROK, KENYA

Email: info@mmarau.ac.ke

Siren song / (Record no. 17948)

MARC details
000 -LEADER
fixed length control field 00801nam a22002897a 4500
001 - CONTROL NUMBER
control field 16784312
003 - CONTROL NUMBER IDENTIFIER
control field OSt
005 - DATE AND TIME OF LATEST TRANSACTION
control field 20200213145627.0
008 - FIXED-LENGTH DATA ELEMENTS--GENERAL INFORMATION
fixed length control field 160705b xxu||||| |||| 00| 0 eng d
010 ## - LIBRARY OF CONGRESS CONTROL NUMBER
LC control number 2011656854
020 ## - INTERNATIONAL STANDARD BOOK NUMBER
International Standard Book Number 9780445200005
020 ## - INTERNATIONAL STANDARD BOOK NUMBER
International Standard Book Number 0445200006 :
Terms of availability $3.95
040 ## - CATALOGING SOURCE
Original cataloging agency MMU
Transcribing agency MMU
Modifying agency MMU
-- MMU
Language of cataloging eng
042 ## - AUTHENTICATION CODE
Authentication code lccopycat
050 00 - LIBRARY OF CONGRESS CALL NUMBER
Classification number PR7086 .S766 1985
100 1# - MAIN ENTRY--PERSONAL NAME
Personal name Stone, Leslie.
245 10 - TITLE STATEMENT
Title Siren song /
Statement of responsibility, etc. Leslie Stone.
250 ## - EDITION STATEMENT
Edition statement Popular Library ed.
260 ## - PUBLICATION, DISTRIBUTION, ETC. (IMPRINT)
Place of publication, distribution, etc. New York :
Name of publisher, distributor, etc. Warner Books,
Date of publication, distribution, etc. 1985.
300 ## - PHYSICAL DESCRIPTION
Extent 467 p. ;
Dimensions 18 cm.
490 0# - SERIES STATEMENT
Series statement Fiction Popular Library
490 0# - SERIES STATEMENT
Series statement Popular Library
650 ## - SUBJECT ADDED ENTRY--TOPICAL TERM
Topical term or geographic name as entry element Love stories.
906 ## - LOCAL DATA ELEMENT F, LDF (RLIN)
a 7
b cbc
c copycat
d 2
e ncip
f 20
g y-genrareb
942 ## - ADDED ENTRY ELEMENTS (KOHA)
Source of classification or shelving scheme Library of Congress Classification
Koha item type L
Holdings
Withdrawn status Lost status Source of classification or shelving scheme Damaged status Not for loan Home library Current library Date acquired Source of acquisition Total Checkouts Full call number Barcode Date last seen Date last checked out Price effective from Koha item type
    Library of Congress Classification     Maasai Mara University Library -Main Campus Maasai Mara University Library -Main Campus 07/05/2016 Donation 12 Fic. PR7086 .S766 1985 201516685 02/13/2024 02/01/2024 07/05/2016 L
© 2016 Maasai Mara University.